Statistics for 18 Highest Rated FIFA 21 Players

Click here to take the quiz!

General Stats

  • This quiz has been taken 73 times
  • The average score is 15 of 18

Answer Stats

HintAnswer% Correct
RWMessi
100%
STRonaldo
100%
LWNeymar
94%
CAMDe Bruyne
91%
STLewandowski
91%
STMbappe
89%
GKNeuer
88%
CBRamos
86%
RWSalah
86%
GKOblak
85%
LWMane
83%
GKTer Stegen
83%
CBVan Dijk
82%
GKAlisson
77%
GKCourtois
74%
CFBenzema
71%
STAguero
69%
CDMCasemiro
63%

Score Distribution

Percentile by Number Answered

Percent of People with Each Score

Your Score History

You have not taken this quiz